| 000 | 01071nas a2200253Ia 4500 | ||
|---|---|---|---|
| 001 | R134/95352 | ||
| 003 | IT-RoPAU | ||
| 008 | 151124c99999999xx |||||||||||| ||und|| | ||
| 040 | _aIT-RoPAU | ||
| 040 | _cIT-RoPAU | ||
| 041 | _aINGLESE | ||
| 100 |
_aTetzlaff David _gCodice Aut. SPICS: 38325 |
||
| 210 | _aMEDIA CULTURE & SOCIETY | ||
| 222 | _aMedia Culture & Society | ||
| 245 |
_aMEDIA CULTURE & SOCIETY, VOL.13-N.1 (GENNAIO 1991) _bDivide And Conquer: Popular Culture And Social Control In Late Capitalism |
||
| 250 | _a1a ed. | ||
| 260 |
_aLONDON _bSAGE PUBLICATIONS LTD _c1991 |
||
| 501 |
_bPaulus - SPICS - Società San Paolo EM (non-commercial uses only) _cCopyright2015 |
||
| 300 | _a25 p. [9-33] | ||
| 362 | _aVOL.13, N.01 (GENNAIO 1991) | ||
| 500 | _aDivide Et Impera: Cultura Popolare e Controllo Sociale Nell'Ultimo Capitalismo. Ideologia e Postmoderno Come Forme di Controllo. Capitalismo: Controllo e Storia. Cultura Burocratica. Matrice di Dominio. Lotte e Sistemi Sociali. | ||
| 650 |
_aCOMUNICAZIONE _vPUBBLICAZIONE PERIODICA |
||
| 942 | _cCR | ||
| 999 |
_c183195 _d183195 |
||